000 00703nam a2200181Ia 4500
008 100920s9999 xx 000 0 und d
082 _b80552
_a28 व 891,43 0
100 _aअनुवाद-मित्तल अनंत./गोविहदन संतिनी
245 _aबूम्बा चला, गुस्सा ढँूढने.
260 _b---
_c0
300 _a32
_bसाधी
365 _b50
520 _aबा.वि.हिंदी.
630 _aबूम्बा चला, गुस्सा ढँूढने.
650 _aबा.वि.हिंदी.
730 _aबूम्बा चला, गुस्सा ढँूढने.
942 _cBOOK
999 _c721445
_d721442